|
|
|
|
| LEADER |
00000cam a2200000 7i4500 |
| 001 |
0000135001 |
| 005 |
20100205.0 |
| 020 |
|
|
|a 9780881929140
|
| 090 |
0 |
0 |
|a 712.0922797
|b LIT
|
| 100 |
1 |
|
|a Little, George
|
| 245 |
1 |
2 |
|a A garden gallery :
|b inspiration from an enchanted world of plants and artistry
|c George Little and David Lewis ; photography by Barbara Denk ; foreword by Ketzel Levine
|
| 260 |
|
|
|a Portland :
|b Timber Press ,
|c 2008
|
| 300 |
|
|
|a 175p. ;
|c 26cm.
|
| 600 |
0 |
0 |
|a Lewis, David ,
|d 1955-
|
| 600 |
0 |
0 |
|a Little, George ,
|d 1944-
|
| 650 |
0 |
0 |
|a Landscape architects
|z Washington (State)
|x Biography
|
| 650 |
0 |
0 |
|a Landscape architecture
|z Washington (State)
|
| 650 |
0 |
0 |
|a Sculptors
|z Washington (State)
|x Biography
|
| 700 |
1 |
|
|a Denk, Barbara
|
| 700 |
1 |
|
|a Levine, Ketzel
|
| 700 |
1 |
|
|a Lewis, David
|
| 999 |
|
|
|a 00231185
|b BUKU
|c PINJAMAN
|e PERPUSTAKAAN KOMUNITI PETALING JAYA
|